[Event "GER Cup Net V3 U2400"]
[Site "Playchess.com INT"]
[Date "2020.05.27"]
[Round "9"]
[White "Pernutz, Hans Gerhard"]
[Black "Stierhoff, Michael"]
[Result "1/2-1/2"]
[WhiteElo "1857"]
[BlackElo "1767"]
[PlyCount "125"]
[EventDate "2020.05.27"]
[EventType "swiss (blitz)"]
[EventRounds "9"]
[EventCountry "GER"]
[SourceTitle "EXT 2021"]
[Source "ChessBase"]
[SourceDate "2020.10.23"]
[SourceVersion "1"]
[SourceVersionDate "2020.10.23"]
[SourceQuality "1"]

1. e4 c6 2. c4 d5 3. cxd5 cxd5 4. exd5 Nf6 5. Bb5+ Nbd7 6. Nc3 g6 7. d4 Bg7 8. Bg5 0-0 9. Nge2 Nb6 10. Bxf6 Bxf6 11. Qb3 e6 12. dxe6 Bxe6 13. Qd1 Qd6 14. 0-0 Qb4 15. Ne4 Qxb5 16. Nxf6+ Kg7 17. Ne4 Qxb2 18. Nf4 Bd5 19. Nxd5 Nxd5 20. Rb1 Qxa2 21. Rxb7 Rab8 22. Qb1 Qxb1 23. Rfxb1 Rxb7 24. Rxb7 Re8 25. f3 Nf4 26. d5 Nxd5 27. Rxa7 Rd8 28. Kf2 Nf4 29. g3 Ne6 30. Ke3 Rd1 31. h4 h5 32. f4 Nd4 33. Ng5 Nf5+ 34. Ke2 Rb1 35. Rxf7+ Kg8 36. Kf2 Rb2+ 37. Kf3 Rb3+ 38. Kf2 Rb2+ 39. Kf3 Rb3+ 40. Kf2 Nxg3 41. Ra7 Nf5 42. Ne6 Nxh4 43. Rg7+ Kh8 44. Rf7 Kg8 45. Rg7+ Kh8 46. Rf7 Nf5 47. Rf6 Ne7 48. Rf8+ Ng8 49. Rf7 Nh6 50. Rf8+ Kh7 51. Ng5+ Kg7 52. Rc8 Ng4+ 53. Kg2 h4 54. Rc7+ Kg8 55. Rc8+ Kg7 56. Rc7+ Kf8 57. Rc8+ Ke7 58. Rh8 Rg3+ 59. Kf1 Ne3+ 60. Kf2 Ng4+ 61. Kf1 Ne3+ 62. Kf2 Ng4+ 63. Kf1 1/2-1/2